| 000 | 00455cam a2200145 4500 | ||
|---|---|---|---|
| 082 | 0 | 0 |
_a954.0317 _bMOI |
| 100 | 1 |
_aHaq, S. Moinul _948954 |
|
| 245 | 1 | 4 | _aThe Great Revolution of 1857. |
| 260 |
_aKarachi, _bPakistan Historical Society, _c1968. |
||
| 300 |
_axxiv, 630, 5 p. _billus., fold. map, ports. _c23 cm. |
||
| 490 | 1 | _aPakistan Historical Society. Publication | |
| 526 |
_a0 _b0 _c0 _d954_031700000000000_MOI |
||
| 650 |
_aMCE _9379 |
||
| 942 |
_2ddc _cBK |
||
| 999 |
_c551803 _d551803 |
||